[Event "Titled Tuesday intern op 04th Jul Late"]
[Site "Chess.com INT"]
[Date "2023.07.04"]
[Round "6"]
[White "Romero Arzuaga, Yudel"]
[Black "Besedes, Danilo"]
[Result "1-0"]
[WhiteElo "2218"]
[BlackElo "2287"]
[PlyCount "97"]
[EventDate "2023.07.04"]
[EventType "swiss (blitz)"]
[EventRounds "11"]
[EventCountry "USA"]
[SourceTitle "EXT 2024"]
[Source "ChessBase"]
[SourceDate "2023.10.10"]
[SourceVersion "1"]
[SourceVersionDate "2023.10.10"]
[SourceQuality "1"]

1. d4 d6 2. Nf3 Nf6 3. Bf4 Bd7 4. e3 g6 5. h3 Bg7 6. Be2 0-0 7. 0-0 Bc6 8. Nbd2 Nbd7 9. c3 Re8 10. Bh2 e5 11. dxe5 dxe5 12. Nc4 Bxf3 13. Bxf3 Qc8 14. Qc2 e4 15. Be2 a5 16. a4 Nc5 17. Rfd1 Rd8 18. Rxd8+ Qxd8 19. Rd1 Qe7 20. Na3 Rd8 21. Rd4 Ne8 22. Rxd8 Qxd8 23. b4 axb4 24. cxb4 Nd3 25. Bg3 c6 26. b5 cxb5 27. Nxb5 h5 28. f3 h4 29. Bh2 Qa5 30. Bxd3 exd3 31. Qxd3 Qe1+ 32. Qf1 Qxe3+ 33. Kh1 Nf6 34. Qc4 Qe1+ 35. Bg1 Nh5 36. Nd6 Ng3+ 37. Kh2 Qe7 38. Ne4 Nf5 39. Kh1 Be5 40. Bf2 Qd7 41. Qc1 Qxa4 42. f4 Bg7 43. Ng5 Qb3 44. Qc8+ Bf8 45. Bc5 Ng3+ 46. Kh2 Nf1+ 47. Kh1 Ng3+ 48. Kh2 Nf1+ 49. Kg1 1-0

[Event "Belgrade Vidovdan op"]
[Site "Belgrade"]
[Date "2023.06.28"]
[Round "5"]
[White "Djokic, Mihailo"]
[Black "Besedes, Danilo"]
[Result "0-1"]
[WhiteElo "2192"]
[BlackElo "2274"]
[PlyCount "108"]
[EventDate "2023.06.26"]
[EventType "swiss"]
[EventRounds "6"]
[EventCountry "SRB"]
[SourceTitle "EXT 2024"]
[Source "ChessBase"]
[SourceDate "2023.10.10"]
[SourceVersion "1"]
[SourceVersionDate "2023.10.10"]
[SourceQuality "1"]

1. e4 e6 2. d4 d5 3. Nc3 Bb4 4. e5 c5 5. a3 Ba5 6. b4 cxd4 7. Qg4 Kf8 8. Nb5 Bc7 9. Nf3 Nc6 10. Bb2 Nge7 11. Nxc7 Qxc7 12. Bxd4 Nxd4 13. Qxd4 Bd7 14. Bd3 a6 15. 0-0 Rc8 16. Qf4 Kg8 17. Rfe1 Bb5 18. Ng5 Nc6 19. Rad1 h6 20. Nf3 Ne7 21. Nd4 Bxd3 22. Rxd3 Ng6 23. Qg3 Qb6 24. c3 Kh7 25. h4 Rc4 26. Rf3 Rf8 27. Ree3 Rxd4 28. cxd4 Qxd4 29. h5 Nh4 30. Rf4 Qd1+ 31. Kh2 Nf5 32. Rxf5 exf5 33. Qh3 Qc2 34. Qf3 Rd8 35. Rd3 f4 36. Rd4 Qf5 37. Rxf4 Qxe5 38. g3 d4 39. Rf5 Qe6 40. Qd3 Kg8 41. a4 Rd5 42. Rxd5 Qxd5 43. Qd1 d3 44. Kg1 Qe4 45. Qc1 Kh7 46. Qc3 f5 47. a5 Qd5 48. Qd2 Qc4 49. Qe3 Qe4 50. Qxe4 fxe4 51. Kf1 g5 52. g4 Kg7 53. Ke1 Kf6 54. Kd2 Ke5 0-1

[Event "Belgrade Vidovdan op"]
[Site "Belgrade"]
[Date "2023.06.28"]
[Round "6"]
[White "Vujovic, Vera"]
[Black "Besedes, Danilo"]
[Result "1/2-1/2"]
[WhiteElo "2007"]
[BlackElo "2274"]
[PlyCount "119"]
[EventDate "2023.06.26"]
[EventType "swiss"]
[EventRounds "6"]
[EventCountry "SRB"]
[SourceTitle "EXT 2024"]
[Source "ChessBase"]
[SourceDate "2023.10.10"]
[SourceVersion "1"]
[SourceVersionDate "2023.10.10"]
[SourceQuality "1"]

1. e4 e6 2. d4 d5 3. Nc3 Nf6 4. e5 Nfd7 5. f4 c5 6. Nf3 Nc6 7. Ne2 Be7 8. g3 f5 9. c3 0-0 10. Bg2 b5 11. h3 a5 12. Be3 b4 13. g4 Ba6 14. gxf5 Rxf5 15. h4 Rb8 16. Bh3 bxc3 17. Bxf5 exf5 18. bxc3 Rb2 19. Ng3 cxd4 20. Bxd4 Nb4 21. Rh2 Rxh2 22. Nxh2 Nd3+ 23. Kd2 Nb6 24. Qg1 Na4 25. Nxf5 g6 26. Nxe7+ Qxe7 27. Qg5 Qb7 28. Qd8+ Kf7 29. e6+ Kxe6 30. Qf6+ Kd7 31. Qf7+ Kc6 32. Qxb7+ Kxb7 33. Be5 Nac5 34. Ng4 Ne4+ 35. Ke3 Ng3 36. Kf3 Nf5 37. Nf6 h5 38. Nxd5 Nxh4+ 39. Kg3 Nf5+ 40. Kh2 g5 41. Bf6 g4 42. Rb1+ Kc6 43. Ne7+ Nxe7 44. Bxe7 Nxf4 45. Re1 Ne2 46. Rf1 Kd7 47. Bh4 Nxc3 48. Rf5 Nxa2 49. Rxa5 Bc4 50. Rxh5 Nb4 51. Rh7+ Ke6 52. Kg3 Nd5 53. Rh6+ Kf5 54. Rh5+ Ke4 55. Rh8 Be2 56. Re8+ Kd3 57. Re5 Bf3 58. Bg5 Nc3 59. Re3+ Kd4 60. Rxf3 1/2-1/2

[Event "Ecka Rain Band 1st"]
[Site "Ecka"]
[Date "2023.06.16"]
[Round "4.3"]
[White "Atalik, Suat"]
[Black "Besedes, Danilo"]
[Result "1/2-1/2"]
[WhiteElo "2442"]
[BlackElo "2274"]
[PlyCount "127"]
[EventDate "2023.06.13"]
[EventType "schev"]
[EventRounds "9"]
[EventCountry "SRB"]
[SourceTitle "CBM 214 Extra"]
[Source "ChessBase"]
[SourceDate "2023.07.31"]
[SourceVersion "1"]
[SourceVersionDate "2023.07.31"]
[SourceQuality "1"]
[WhiteTeam "Team B"]
[BlackTeam "Team C"]
[WhiteTeamCountry "SRB"]
[BlackTeamCountry "SRB"]

1. d4 d5 2. c4 e6 3. Nf3 Nf6 4. g3 Bb4+ 5. Nc3 0-0 6. Bg2 c5 7. dxc5 Nc6 8. cxd5 exd5 9. Be3 Qa5 10. 0-0 Be6 11. Na4 b5 12. cxb6 axb6 13. Nxb6 Ra6 14. a3 Be7 15. b4 Qb5 16. a4 Qxb4 17. Qd3 Qa5 18. Qb5 Ng4 19. Qxa5 Nxa5 20. Bd4 Nb3 21. Rab1 Nxd4 22. Nxd4 Bc5 23. Nxe6 fxe6 24. Nd7 Bxf2+ 25. Kh1 Rd8 26. Bh3 Ba7 27. Bxg4 Rxd7 28. Rb5 Rc7 29. a5 g6 30. Rf6 Re7 31. Rxd5 Kg7 32. Rxe6 Raxe6 33. Bxe6 Rxe6 34. Rd7+ Kh6 35. Rxa7 Rxe2 36. a6 Ra2 37. Ra8 Kg5 38. h3 h5 39. Kg1 Ra3 40. Kf2 Ra2+ 41. Ke1 Ra3 42. a7 Ra1+ 43. Kd2 Ra2+ 44. Ke3 Ra3+ 45. Ke4 Ra5 46. Kd4 Ra1 47. Kd5 Rd1+ 48. Ke6 Ra1 49. Kf7 Ra6 50. Kg7 Ra5 51. Kf7 Ra6 52. Ke7 Ra1 53. Kd6 Rd1+ 54. Ke5 Re1+ 55. Kd4 Ra1 56. h4+ Kg4 57. Rg8 Rxa7 58. Rxg6+ Kf3 59. Rg5 Re7 60. Kd5 Re8 61. Kd6 Re1 62. Rxh5 Kxg3 63. Re5 Rxe5 64. Kxe5 1/2-1/2

[Event "Titled Tuesday intern op 13th Jun Late"]
[Site "Chess.com INT"]
[Date "2023.06.13"]
[Round "3"]
[White "Besedes, Danilo"]
[Black "Ardila, Oscar Humberto"]
[Result "1-0"]
[WhiteElo "2274"]
[BlackElo "1958"]
[PlyCount "129"]
[EventDate "2023.06.13"]
[EventType "swiss (blitz)"]
[EventRounds "11"]
[EventCountry "USA"]
[SourceTitle "EXT 2024"]
[Source "ChessBase"]
[SourceDate "2023.10.10"]
[SourceVersion "1"]
[SourceVersionDate "2023.10.10"]
[SourceQuality "1"]

1. e4 e5 2. Nf3 Nf6 3. Nc3 Nc6 4. Bb5 Bb4 5. 0-0 0-0 6. Nd5 Ba5 7. d3 h6 8. h3 d6 9. c4 Nxd5 10. cxd5 Ne7 11. d4 exd4 12. Qxd4 Bb6 13. Qc3 Ng6 14. b3 a6 15. Bb2 f6 16. Bd3 Ne5 17. Nd4 Qe8 18. f4 Nxd3 19. Qxd3 f5 20. exf5 Bxf5 21. Qd2 Qe4 22. Rae1 Qd3 23. Qxd3 Bxd3 24. Rf3 Bg6 25. Kh2 Bh5 26. Rg3 Rf7 27. Re6 Rxf4 28. Rxg7+ Kxg7 29. Ne2+ Kf7 30. Nxf4 Bd1 31. Rf6+ Ke7 32. Ng6+ Kd7 33. Rf7+ Ke8 34. Rf8+ Kd7 35. Rxa8 c6 36. dxc6+ Kxc6 37. Bc1 h5 38. Bf4 Bc7 39. Ne7+ Kd7 40. Nd5 Ba5 41. Rh8 Be2 42. Nf6+ Ke6 43. Nxh5 Bd3 44. Bg3 Bb1 45. Nf4+ Kf5 46. a3 Bc2 47. b4 Bb6 48. Rh6 Bd4 49. Rxd6 Bb2 50. Rd2 Bxa3 51. Rxc2 Bxb4 52. Rb2 a5 53. Nd3 Bc3 54. Rxb7 Ke4 55. Nc5+ Kd5 56. Na4 Bb4 57. Rb5+ Kc4 58. Rf5 Kb3 59. Nb6 Bc3 60. h4 Bd4 61. Rb5+ Kc3 62. Be5 Bxe5+ 63. Rxe5 a4 64. Nxa4+ Kb3 65. Nb6 1-0